Visualizzazione normale
Vista MARC
- O'Connor Sinead
di Personal Name
Records bibliografici associati: 1
001 - CONTROL NUMBER
- control field: 28716
003 - CONTROL NUMBER IDENTIFIER
- control field: IT-RoPau
005 - DATE AND TIME OF LATEST TRANSACTION
- control field: 20140609213511.0
008 - FIXED-LENGTH DATA ELEMENTS
- fixed length control field: 140609|| aca||aabn | a|a d
040 ## - CATALOGING SOURCE
- Original cataloging agency: IT-RoPau
- Transcribing agency: IT-RoPau
100 ## - HEADING--PERSONAL NAME
- Personal name: O'Connor Sinead
- Miscellaneous information: Codice interprete SPICS: 31075
- Relator term: Interprete
670 ## - SOURCE DATA FOUND
- Source citation: Work cat.: (IT-RoPau)101879: O'Connor Sinead 26754, Am I Not Your Girl?